[Event "Litomysl op"]
[Site "Litomysl"]
[Date "1994.??.??"]
[Round "?"]
[White "Sikora, Jan"]
[Black "Berezjuk, Sergej"]
[Result "0-1"]
[WhiteElo "2115"]
[BlackElo "2375"]

1.e4 c5 2.Nc3 e6 3.Nf3 a6 4.d4 cxd4 5.Nxd4 b5 6.Be3 Bb7 7.f3 Qc7 8.Bd3 Nf6
9.Qd2 d5 10.exd5 Nxd5 11.Nxd5 Bxd5 12.O-O-O Be7 13.Kb1 Nd7 14.f4 O-O 15.f5 e5
16.Nb3 Nf6 17.Bg5 Rfd8 18.Qf2 a5 19.Rhe1 a4 20.Bxf6 Bxf6 21.Nd2 a3 22.Be4 axb2
23.Bxd5 Rxd5 24.Qf3 Rc8 25.c3 Rc5 26.Ne4 Rc6 27.Re2 b4 28.Rxb2 bxc3 29.Rc2 Be7
30.Rd3 Qb6+ 31.Ka1 Rb8 32.Qd1 Ba3 33.h3 Qb2+  0-1

[Event "EU-ch U20 Girls"]
[Site "Litomysl"]
[Date "1994.??.??"]
[Round "5"]
[White "Ipavec, Petra"]
[Black "Djingarova, Emilia"]
[Result "1-0"]
[WhiteElo "2015"]
[BlackElo "2030"]

1.e4 c5 2.Nf3 e6 3.d4 cxd4 4.Nxd4 a6 5.Nc3 Qc7 6.Be2 Nf6 7.O-O Be7 8.Be3 d6
9.f4 Nbd7 10.Qe1 O-O 11.Bf3 Rb8 12.Qg3 Re8 13.Rad1 Bf8 14.Kh1 Nb6 15.Be2 Nc4
16.Bxc4 Qxc4 17.e5 Nd5 18.Nf5 Nxe3 19.Nxe3 Qc6 20.Ng4 Kh8 21.Qh4 b5 22.Rf3 Bb7
23.Rg3 b4 24.Nf6 h6 25.Qxh6+  1-0

[Event "EU-ch U20 Girls"]
[Site "Litomysl"]
[Date "1994.??.??"]
[Round "8"]
[White "Khlgatian, Goaz"]
[Black "Izchenko, Olga"]
[Result "0-1"]
[WhiteElo "2115"]
[BlackElo "2260"]

1.e4 c5 2.Nf3 e6 3.d4 cxd4 4.Nxd4 a6 5.Nc3 Qc7 6.Be2 Nc6 7.O-O Nf6 8.a3 Bd6
9.g3 Nxd4 10.Qxd4 Be5 11.Qd3 b5 12.f4 Bxc3 13.bxc3 Bb7 14.Bf3 Rc8 15.Bd2 Qc4
16.Rfe1 O-O 17.Rab1 d5 18.e5 Nd7 19.Qe3 d4 20.cxd4 Bxf3 21.Qxf3 Qxd4+ 22.Be3 Qa4
23.Red1 Nc5 24.Bd4 Qxc2 25.Rbc1 Qe4 26.Qc3 Nd3 27.Qxc8 Qxd4+ 28.Kg2 Qe4+
29.Kg1 Qe3+ 30.Kg2 Qe2+ 31.Kg1 Qxd1+ 32.Rxd1 Rxc8 33.Rxd3 Rb8 34.Kf2 h5 35.Ke3 a5
36.Rd7 b4 37.axb4 axb4 38.Kd2 b3 39.Kc1 Rc8+ 40.Kb2 Rc2+ 41.Kxb3 Rxh2 42.Rd3 Rf2
43.Kc3 h4 44.Kd4 hxg3 45.Ke4 Re2+ 46.Kd4 Rg2 47.Ke4 Rg1 48.Kf3 Kh7 49.Kg4 Kg6
50.Re3 g2 51.Rg3 f5+ 52.Kh3+ Kf7 53.Ra3 Rf1 54.Kxg2 Rxf4 55.Ra7+ Kg8 56.Ra6 Re4
57.Ra5 g5 58.Kf3 Kf7  0-1

[Event "Paris-London"]
[Site "London"]
[Date "1994.??.??"]
[Round "2"]
[White "Boudre, Jean Pierre"]
[Black "Emms, John M"]
[Result "1/2-1/2"]
[WhiteElo "2400"]
[BlackElo "2535"]

1.e4 c5 2.Nf3 e6 3.Nc3 a6 4.d4 cxd4 5.Nxd4 Qc7 6.Bd3 Nf6 7.O-O Bc5 8.Nb3 Be7
9.f4 d6 10.Qe2 Nc6 11.Bd2 b6 12.Rae1 Bb7 13.Nd1 O-O 14.Ne3 Rfe8 15.Bc3 b5
16.Bxf6 Bxf6 17.Ng4 Be7 18.c3 Nb8 19.Qf2 Nd7 20.Qg3 Kh8 21.Qh3 e5 22.Kh1 Nf6
23.Nxf6 Bxf6 24.Nd2 Re7 25.Re2 h6 26.fxe5 Bxe5 27.Ref2 Rae8 28.Qh5 Kg8 29.Bc2 Bc8
30.Bb3 Rf8 31.Nf3 Be6 32.Nxe5 dxe5 33.Bxe6 Rxe6 34.h3 Rc6 35.Rd2 Rc4 36.Qf3 b4
37.cxb4 Rxb4 38.b3 Rd4 39.Rxd4 exd4 40.Qd3 Rd8 41.Rd1 a5 42.Kg1 g6 43.Kh1 h5
44.Kg1 Kg7 45.Kh1 h4 46.Kg1 Qf4 47.Qe2 Qe5 48.Qd3 Qc5 49.Qe2 Qe5 50.Qd3 Qg3
51.Qd2 Qe5  1/2-1/2

[Event "Lloyds Bank op"]
[Site "London"]
[Date "1994.??.??"]
[Round "6"]
[White "Gallagher, Joseph G"]
[Black "Gurevich, Ilya"]
[Result "1/2-1/2"]
[WhiteElo "2470"]
[BlackElo "2570"]

1.e4 c5 2.Nf3 e6 3.d4 cxd4 4.Nxd4 a6 5.Nc3 d6 6.Be2 b5 7.O-O Bb7 8.Re1 Nd7
9.a4 b4 10.Na2 Ngf6 11.Nxb4 Qb6 12.c3 Nxe4 13.a5 Qc7 14.Bxa6 Bxa6 15.Nxa6 Rxa6
16.Rxe4 Rxa5 17.Rxa5 Qxa5 18.Re1 Be7 19.Qg4 h5 20.Qe4 Bf6 21.b4 Qa4 22.Bf4 e5
23.Bd2 O-O 24.Nf5 Qa2 25.Rd1 d5 26.Qb1 Qa8 27.Qc1 Nb6 28.Be3 Na4 29.Bg5 Qd8
30.Bxf6 Qxf6 31.Ne3 d4 32.cxd4 exd4 33.Nd5 Qe5 34.Qc4 Nc3 35.Nxc3 dxc3 36.Rc1 Rd8
37.g3 Rd2 38.Qc8+ Kh7 39.Qxc3 Rd1+ 40.Kg2 Qe4+ 41.Kh3 Qf5+ 42.Kg2 Qd5+ 43.Kh3  1/2-1/2

[Event "Paris-London"]
[Site "London"]
[Date "1994.??.??"]
[Round "8"]
[White "Boudre, Jean Pierre"]
[Black "Kenworthy, Gary"]
[Result "1/2-1/2"]
[WhiteElo "2400"]
[BlackElo "2315"]

1.e4 c5 2.Nf3 e6 3.Nc3 a6 4.d4 cxd4 5.Nxd4 Qc7 6.Bd3 b5 7.O-O Bb7 8.Re1 Be7
9.Bd2 d6 10.a4 bxa4 11.Rxa4 Nf6 12.Qe2 O-O 13.Rea1 Nfd7 14.Nb3 Bf6 15.Na5 Nc5
16.R4a3 Nc6 17.Nc4 Rfd8  1/2-1/2

[Event "London op"]
[Site "London"]
[Date "1994.??.??"]
[Round "8"]
[White "Cherniaev, Alexander"]
[Black "Lund, D Brett"]
[Result "1/2-1/2"]
[WhiteElo "2410"]
[BlackElo "2270"]

1.e4 c5 2.Nf3 e6 3.d4 cxd4 4.Nxd4 a6 5.Nc3 Qc7 6.g3 Bb4 7.Ne2 Nf6 8.Bg2 d6
9.O-O Bc5 10.h3 h5 11.b3 Nbd7 12.Na4 Ba7 13.Ba3 Nc5 14.Nxc5 Bxc5 15.Bxc5 Qxc5
16.c4 e5 17.Qd2 O-O 18.Rac1 Be6 19.Kh1 Rfe8 20.Nc3 Rad8 21.Qg5 Qd4 22.Kg1 Qc5
23.Kh2 Kf8 24.Bf3 Qb4 25.Bxh5 b5 26.Be2 bxc4 27.bxc4 Rc8 28.Nd5 Bxd5 29.exd5 e4
30.Qe3 Qc5 31.Rb1 Qxe3 32.fxe3 Rb8 33.g4 Nd7 34.Kg3 Nc5 35.h4 Ke7 36.g5 g6
37.Kg4 Rh8 38.Rh1 Rhg8 39.Kg3 Rh8 40.Rhe1 Rhg8 41.Rf1 Rh8 42.Rfc1 Rhf8 43.a3 Rxb1
44.Rxb1 f6 45.Rb6 fxg5 46.hxg5 Rf5 47.Kh4 Rf2 48.Bg4 Ra2 49.Rc6 Rxa3 50.Rc7+ Kf8  1/2-1/2

[Event "Lloyds Bank op"]
[Site "London"]
[Date "1994.??.??"]
[Round "9"]
[White "De la Villa Garcia, Jesus Maria"]
[Black "Gunawan, Ronny"]
[Result "1-0"]
[WhiteElo "2490"]
[BlackElo "2420"]

1.e4 c5 2.Nf3 e6 3.Nc3 a6 4.d4 cxd4 5.Nxd4 Qc7 6.Bd3 b5 7.O-O Bb7 8.Re1 Bc5
9.Nb3 Bd6 10.Qh5 Nc6 11.h3 Nge7 12.Be3 Ng6 13.Rad1 O-O 14.Ne2 Nce5 15.Bc1 Rac8
16.Ned4 Nxd3 17.cxd3 Be7 18.Qe2 Bf6 19.Nf3 Ne5 20.Bf4 d6 21.Rc1 Nxf3+ 22.Qxf3 Qd7
23.Qe2 h6 24.Na5 Ba8 25.Nb3 Rfd8 26.Rc2 Rxc2 27.Qxc2 Rc8 28.Qd2 e5 29.Be3 d5
30.Qa5 Rc6 31.Bc5 dxe4 32.dxe4 Qd3 33.Nc1 Qc2 34.b4 Qc3 35.Kf1 Rxc5 36.Ne2 Qd2
37.Qxa6 Qxb4 38.Qxa8+ Kh7 39.Qf8 Kg6 40.Qd6 Rc4 41.Qxb4 Rxb4 42.Nc3 Bg5 43.Re2 Bd8
44.g3 Bb6 45.Nd5 Rb1+ 46.Re1 Rxe1+ 47.Kxe1 Ba5+ 48.Ke2 f6 49.Kd3 Be1 50.Ke2 Ba5
51.Ne7+ Kf7 52.Nc8 Bc7 53.Na7 b4 54.Nc6 Bd6 55.Kd3 Bc5 56.f3 Bf2 57.g4 Be1
58.Kc4 Kg6 59.Nxb4 Kg5 60.a4 Kh4 61.a5 Kxh3 62.a6 Bf2 63.Nd5 Kg3 64.Kb5 Ba7
65.Kc6 g6 66.Kb7 h5 67.gxh5 gxh5 68.Kxa7 h4 69.Kb7 h3 70.Ne3 Kxf3 71.Nf1 Kg2
72.a7 Kxf1 73.a8=Q h2 74.Qh8 Kg2 75.Qg7+ Kh3 76.Qxf6 h1=Q 77.Qh6+  1-0

[Event "SWZ-ch op"]
[Site "Luzern"]
[Date "1994.??.??"]
[Round "?"]
[White "Milicev, Ziyica"]
[Black "Nyffenegger, M."]
[Result "1-0"]
[WhiteElo "1855"]
[BlackElo "1960"]

1.e4 c5 2.Nf3 e6 3.d4 cxd4 4.Nxd4 a6 5.Nc3 Qc7 6.Be2 Nf6 7.O-O d6 8.Be3 Nbd7
9.f4 b5 10.a3 Bb7 11.Bf3 Nc5 12.e5 dxe5 13.fxe5 Qxe5 14.Bf4 Bxf3 15.Rxf3 Qh5
16.Qe2 Be7 17.b4 Nd5 18.bxc5 Bxc5 19.Qe4 Qg6 20.Qxg6 Bxd4+ 21.Be3 Bxe3+ 22.Rxe3 hxg6
23.Nxd5 Rc8 24.c3 Rh5 25.Rd1 Rf5 26.Nb6 Rc6 27.Nd7 Rc7 28.Ne5 Rf4 29.g3 Ra4
30.c4 bxc4 31.Rc3 f6 32.Nxg6 Kf7 33.Nf4 Rc5 34.Ng2 Rd5 35.Rxd5 exd5 36.Ne3 Ke6
37.Kf2 Ke5 38.Ke2 Ke4 39.Kd2 a5 40.Kc2 f5 41.Kb2 g6 42.h4 Rb4+ 43.axb4 axb4
44.Rc1 Kxe3 45.Rf1 d4 46.h5 c3+ 47.Kb3 gxh5 48.Kxb4 c2 49.Kb3 Ke2 50.Rh1 d3
51.Kb2 Kf3 52.Rxh5 Kxg3 53.Rxf5 Kg4 54.Rd5 Kf3 55.Rxd3+ Ke2 56.Rd8  1-0

[Event "CRO-chT"]
[Site "Makarska"]
[Date "1994.??.??"]
[Round "7"]
[White "Fercec, Nenad"]
[Black "Hulak, Krunoslav"]
[Result "1/2-1/2"]
[WhiteElo "2385"]
[BlackElo "2530"]

1.e4 c5 2.Nf3 e6 3.d4 cxd4 4.Nxd4 a6 5.Nc3 d6 6.Be2 Nf6 7.O-O Be7 8.f4 Qc7
9.Be3 Nc6 10.Qe1 O-O 11.Qg3 Nxd4 12.Bxd4 b5 13.a3 Bb7 14.Kh1 Rad8 15.Rae1 Bc6
16.Bd3 Qb7 17.Qh3  1/2-1/2

[Event "Maromme op"]
[Site "Maromme"]
[Date "1994.??.??"]
[Round "?"]
[White "Mevel, Alberic"]
[Black "Velikov, Petar"]
[Result "1/2-1/2"]
[WhiteElo "2190"]
[BlackElo "2470"]

1.e4 c5 2.Nf3 e6 3.d4 cxd4 4.Nxd4 a6 5.Nc3 b5 6.Bd3 Ne7 7.O-O Nbc6 8.Nxc6 Nxc6
9.f4 d6 10.Qf3 Rb8 11.e5 Nd4 12.Qf2 Nf5 13.Bxf5 exf5 14.Be3 b4 15.Nd5 dxe5
16.Rad1 Be6 17.Nxb4 Qc8 18.a3 a5 19.Nd5 Rxb2 20.fxe5 Qb7 21.Qf3 Bxa3 22.Kh1 O-O
23.Bc1 Bxd5 24.Rxd5 Rb1 25.Bxa3 Rxf1+ 26.Qxf1 Qxd5 27.Bxf8 Kxf8 28.Qe2 g6
29.h3 a4 30.Qa6 Qd1+ 31.Kh2 Qxc2 32.Qd6+ Ke8 33.Qb8+ Kd7 34.Qd6+ Kc8 35.Qf8+ Kb7
36.Qxf7+ Qc7 37.Qd5+ Kb6 38.Qd4+ Kb5 39.Qd3+ Kb6 40.Qd4+ Qc5 41.Qd8+ Kb5
42.Qd3+ Kc6 43.Qa6+ Kd5 44.Qxa4 Kxe5 45.Qe8+ Kf4 46.Qf7  1/2-1/2

[Event "Wch U20 Girls"]
[Site "Matinhos"]
[Date "1994.??.??"]
[Round "?"]
[White "Abdullaeva, U."]
[Black "Khurtsidze, Nino"]
[Result "0-1"]
[WhiteElo "2090"]
[BlackElo "2295"]

1.e4 c5 2.Nf3 e6 3.d4 cxd4 4.Nxd4 a6 5.Nc3 Qc7 6.g3 Nf6 7.Bg2 Be7 8.O-O O-O
9.f4 d6 10.a4 Nc6 11.Nb3 b6 12.g4 Bb7 13.g5 Nd7 14.f5 Rfe8 15.Bf4 Bf8 16.Nd2 Nce5
17.Bg3 Rac8 18.Nf3 Nc4 19.g6 hxg6 20.fxg6 fxg6 21.Nh4 Nf6 22.Qc1 Nxb2 23.Qxb2 Qxc3
24.Qxb6 Bxe4 25.Qxa6 Bxg2 26.Nxg2 Ne4 27.Qd3 d5 28.Nf4 Qxc2 29.Qxc2 Rxc2
30.Nxg6 Bc5+ 31.Kh1 Kh7 32.Nf4 Nxg3+ 33.hxg3 Rh8 34.g4 Kg8+ 35.Nh5 g6 36.Rac1 Rxc1
37.Rxc1 gxh5 38.Rxc5 hxg4+ 39.Kg2 Kf7 40.Kg3 Kf6 41.Kxg4 Rh1 42.a5 Ra1 43.Kf3 Ke5
44.Ke3 Ra3+ 45.Kd2 Kd4 46.Rc6 e5 47.a6 e4 48.Re6 Ra2+ 49.Kc1 Kd3 50.Kb1 Ra5
51.Kb2 e3  0-1

[Event "Mlada Boleslav op"]
[Site "Mlada Boleslav"]
[Date "1994.??.??"]
[Round "3"]
[White "Jansa, Vlastimil"]
[Black "Voloshin, Leonid"]
[Result "1/2-1/2"]
[WhiteElo "2500"]
[BlackElo "2390"]

1.e4 c5 2.Nf3 e6 3.Nc3 a6 4.d4 cxd4 5.Nxd4 Qc7 6.Bd3 Nf6 7.O-O Be7 8.Qe2 d6
9.Kh1 e5 10.Nb3 Be6 11.f4 exf4 12.Bxf4 Nc6 13.Rae1 Ne5 14.Nd4 O-O 15.Bg5 Ne8
16.Bc1 Bh4 17.Nxe6 fxe6 18.Rxf8+ Kxf8 19.Rf1+ Kg8 20.Bf4 Qc5 21.Na4 Qc6 22.Bxe5 dxe5
23.b3 Bf6 24.Nb2 Nc7 25.a4 b5 26.h3 Rf8 27.axb5 axb5 28.Nd1 Be7 29.Rxf8+ Bxf8
30.Qh5 Qc5 31.Qf3 Qa3 32.Qf1 Qa1 33.Ne3 Qd4 34.Ng4 Bc5 35.Nh2 Qe3 36.Nf3 Bd4
37.b4 Bc3 38.Qb1 g5 39.Qb3 Qc1+ 40.Kh2 Qf4+ 41.Kg1 Bd4+ 42.Nxd4 exd4 43.Qb1 Qd2
44.Qf1 Kg7 45.Bxb5 Qe3+ 46.Kh2 Nxb5 47.Qxb5 Qf4+ 48.Kg1 Qe3+ 49.Kh1 Qc1+
50.Kh2 Qf4+ 51.Kg1 Qe3+  1/2-1/2

[Event "Mondariz op"]
[Site "Mondariz"]
[Date "1994.??.??"]
[Round "?"]
[White "Dimitrov, Vladimir"]
[Black "Kurajica, Bojan"]
[Result "1-0"]
[WhiteElo "2475"]
[BlackElo "2565"]

1.e4 c5 2.Nf3 e6 3.d4 cxd4 4.Nxd4 a6 5.Nc3 Qc7 6.Be2 b5 7.O-O Bb7 8.Re1 Bc5
9.Bf3 Ne7 10.Nb3 Ba7 11.Bg5 Ng6 12.a4 f6 13.Be3 Bxe3 14.Rxe3 b4 15.Na2 Nc6
16.c3 a5 17.Rc1 O-O 18.cxb4 axb4 19.Nc5 Nge5 20.Be2 Bc8 21.b3 Qb6 22.Qd6 Ra5
23.Bb5 Rxb5 24.axb5 Qxb5 25.h3 g5 26.g3 Qa5 27.Rc2 Nf7 28.Qd2 Rd8 29.Na4 Qb5
30.Rc5 Qb7 31.f4 d6 32.Rc1 d5 33.exd5 Rxd5 34.Qf2 Qb5 35.Kh2 Ne7 36.Re2 e5
37.Nb6 Be6 38.Nxd5 Bxd5 39.fxe5 Nxe5 40.Rxe5 fxe5 41.Qd2 Bxb3 42.Rc7 Kf7
43.Nxb4 Qb6 44.Rc3 Be6 45.Re3 Bf5 46.Rxe5 Qh6 47.Qg2 Qd6 48.Nc6 Nxc6 49.Rxf5+ Kg6
50.Rd5 Qe6 51.Qc2+ Kf6 52.Qd2 Ne5 53.Qd4 Qf5 54.Rc5 h5 55.Rc6+ Kf7 56.Qa7+ Kg8
57.Qb8+ Kh7 58.Rc7+ Nf7 59.Qb7 Kg7 60.Qb2+ Kh6 61.Rc6+ Kh7 62.Qf6 Qxf6 63.Rxf6 Kg7
64.Re6 Nh6 65.Kg2 Ng8 66.Kf3 Nf6 67.Re5 Kg6 68.Ke3 Kh6 69.Kd4 Kg6 70.Ra5 Nd7
71.Ra7 Nf6 72.Ke5  1-0

[Event "Veterans-Women"]
[Site "Monte Carlo"]
[Date "1994.??.??"]
[Round "1"]
[White "Ioseliani, Nana"]
[Black "Portisch, Lajos"]
[Result "1-0"]
[WhiteElo "2435"]
[BlackElo "2605"]

1.e4 c5 2.Nf3 e6 3.d4 cxd4 4.Nxd4 a6 5.Nc3 Qc7 6.Bd3 Nc6 7.Nxc6 bxc6 8.O-O d5
9.Qe2 Bb7 10.Bd2 Nf6 11.Rae1 Be7 12.Kh1 O-O 13.f4 dxe4 14.Nxe4 c5 15.Bc3 Qc6
16.Nxf6+ Bxf6 17.Bxf6 gxf6 18.Bxh7+ Kh8 19.Rf3 Qxf3 20.gxf3 Kxh7 21.Qf2 Rg8
22.Qh4+ Kg7 23.Rg1+ Kf8 24.Rxg8+ Kxg8 25.Qxf6 Bxf3+ 26.Kg1 Bd5 27.h4 Rf8
28.Kf2 c4 29.h5  1-0

[Event "Montecatini Terme op"]
[Site "Montecatini Terme"]
[Date "1994.??.??"]
[Round "?"]
[White "Loncar, Robert"]
[Black "Palac, Mladen"]
[Result "0-1"]
[WhiteElo "2410"]
[BlackElo "2495"]

1.e4 c5 2.Nf3 e6 3.Nc3 a6 4.d4 cxd4 5.Nxd4 Qc7 6.Bd3 Nf6 7.O-O d6 8.f4 g6
9.Kh1 Bg7 10.e5 dxe5 11.Ndb5 axb5 12.Nxb5 Qc5 13.fxe5 Ne4 14.Qf3 f5 15.exf6 Nxf6
16.Bf4 O-O 17.Bd6 Qc6 18.Bxf8 Qxf3 19.Rxf3 Kxf8 20.Nd6 Nd7 21.Bb5 Ke7 22.Rd1 Nb6
23.a4 Nbd5 24.Nxc8+ Rxc8 25.c4 Nc7 26.a5 e5 27.Rb3 Ne6 28.a6 bxa6 29.Bxa6 Rc7
30.Rb7 e4 31.Rxc7+ Nxc7 32.Bb7 Ng4 33.Kg1 Bxb2 34.Bxe4 Ba3 35.Ra1 Bc5+ 36.Kf1 Nxh2+
37.Ke2 Ng4 38.Rh1 Nf6 39.Bf3 Ne6 40.Rb1 Kd6 41.Rb7 h5 42.Rf7 Ke5 43.Rb7 g5
44.Rb1 Kd4 45.Rd1+ Kxc4 46.Rc1+ Kd4 47.Kf2 Ke5+ 48.Kg3 h4+ 49.Kh2 Bf2 50.Rf1 g4
51.Bxg4 Nxg4+  0-1

[Event "Montecatini Terme op"]
[Site "Montecatini Terme"]
[Date "1994.??.??"]
[Round "?"]
[White "Gorgs, Alfred"]
[Black "Laco, Giuseppe"]
[Result "1-0"]
[WhiteElo "2195"]
[BlackElo "2255"]

1.e4 c5 2.Nf3 e6 3.d4 cxd4 4.Nxd4 a6 5.Nc3 Qc7 6.Be2 Nf6 7.O-O Nc6 8.Be3 b5
9.f4 b4 10.Na4 Nxe4 11.Bf3 d5 12.f5 Bd6 13.Bxe4 dxe4 14.fxe6 Nd8 15.Nb6 Qxb6
16.exf7+ Nxf7 17.Rxf7 g6 18.Qf1 Rf8 19.Rxf8+ Bxf8 20.Qf4 Qb7 21.Rf1 Bg7 22.Nb3 Qd5
23.Nc5 Bb7 24.Qc7 Be5 25.Qxh7 O-O-O 26.Nxb7 Rh8 27.Qe7 Bxh2+ 28.Kf2 Qxb7
29.Qf6 Re8 30.g3 Qc7 31.Qxa6+ Qb7 32.Qxb7+ Kxb7 33.Kg2 Rc8 34.Rf2 Bxg3 35.Kxg3 Ra8
36.Kf4 Rxa2 37.Bd4 Kc6 38.Kxe4 Kb5 39.Kd3 Ra8 40.Rf6 g5 41.Rf5+  1-0

[Event "Montecatini Terme op"]
[Site "Montecatini Terme"]
[Date "1994.??.??"]
[Round "?"]
[White "Palac, Mladen"]
[Black "Laco, Giuseppe"]
[Result "1-0"]
[WhiteElo "2495"]
[BlackElo "2255"]

1.e4 c5 2.Nf3 e6 3.d4 cxd4 4.Nxd4 a6 5.Nc3 Qc7 6.Be2 Nf6 7.O-O Nc6 8.Be3 b5
9.Nxc6 dxc6 10.f4 Bb7 11.e5 Nd5 12.Nxd5 cxd5 13.Qd4 Rc8 14.c3 Qd7 15.b4 g6
16.Qd2 Bg7 17.Bd4 O-O 18.Rae1 Rc6 19.Bg4 Rfc8 20.Re3 Qe7 21.Bd1 Qc7 22.a4 bxa4
23.Bxa4 Rc4 24.Bb3 Rc6 25.Ra1 h5 26.Qe2 Bh6 27.Rf3 Qd8 28.Ra5 h4 29.Qf2 Ra8
30.Rh3 Bf8 31.Ra1 Be7 32.g3 Rc4 33.gxh4 a5 34.b5 a4 35.Bc2 Rac8 36.h5 g5
37.fxg5 Rxd4 38.cxd4 Qc7 39.g6 fxg6 40.hxg6 Rf8 41.Rh8+ Kxh8 42.g7+ Kg8 43.gxf8=Q+ Bxf8
44.Rf1  1-0

[Event "Moscow ol (Men)"]
[Site "Moscow"]
[Date "1994.??.??"]
[Round "2"]
[White "Han, Hakan"]
[Black "Cacho Reigadas, Sergio"]
[Result "1/2-1/2"]
[WhiteElo "2305"]
[BlackElo "2385"]

1.e4 c5 2.Nf3 e6 3.d4 cxd4 4.Nxd4 a6 5.Nc3 Qc7 6.Be2 b5 7.a3 Bb7 8.Bd3 Nf6
9.Qe2 d6 10.O-O Nbd7 11.Kh1 Be7 12.f4 Rc8 13.a4 bxa4 14.Bxa6 Bxa6 15.Qxa6 Nc5
16.Qe2 O-O 17.f5 e5 18.Ndb5 Qb7 19.Bg5 Rfd8 20.b4 Ncd7 21.Rxa4 Ra8 22.Rxa8 Rxa8
23.Qd3 Bf8 24.Be3 h6 25.Bg1 Rb8 26.Ra1 d5 27.exd5 Bxb4 28.Ra7 Qc8 29.d6 e4
30.Qg3 Bxc3 31.Nxc3 Qc4 32.Rc7 Qf1 33.Qf2 Qa6 34.Qd4 e3 35.Bxe3 Qf1+ 36.Bg1 Qxf5
37.Ne2 Rb1 38.Ng3 Qe6 39.h3 Qe1 40.Kh2 Rd1 41.Rc8+ Kh7 42.Qe3 Qxe3 43.Bxe3 Rxd6
44.c4 Ne5 45.Nf5 Rc6 46.Rxc6 Nxc6 47.Kg3 g5 48.Kf2 Kg6 49.Nd6 Ng8 50.g4  1/2-1/2

[Event "Moscow ol (Women)"]
[Site "Moscow"]
[Date "1994.??.??"]
[Round "3"]
[White "Makropoulou, Marina"]
[Black "Bojkovic, Natasa"]
[Result "1/2-1/2"]
[WhiteElo "2280"]
[BlackElo "2440"]

1.e4 c5 2.Nf3 e6 3.d4 cxd4 4.Nxd4 a6 5.Nc3 Qc7 6.g3 Nf6 7.Bg2 Nc6 8.O-O Bc5
9.Nb3 Ba7 10.Kh1 d6 11.a4 h5 12.Bg5 Ne5 13.Qe2 Bd7 14.Rae1 Nc4 15.Nd2 Nxd2
16.Qxd2 Ng4 17.h3 Ne5 18.Qd1 f6 19.Bc1 O-O-O 20.f4 Ng4 21.Qe2 g6 22.Rd1 f5
23.Rd3 Kb8 24.b4 Qb6 25.b5 axb5 26.Nxb5 Bxb5 27.axb5 Nf2+ 28.Kh2 Nxd3 29.Qxd3 h4
30.Bb2 hxg3+ 31.Qxg3 Rhg8 32.Qb3 Rge8 33.Rd1 Qf2 34.Rf1 Qe3 35.Qa4 Rc8 36.Bf6 Qd2
37.c3 Qe3 38.Bg5 Bb6 39.Bf6 fxe4 40.Bxe4 Qc5 41.Bd4 Qc4 42.Qxc4 Rxc4 43.Bxg6 Bxd4
44.Bxe8 Bxc3 45.Bd7  1/2-1/2

[Event "Moscow ol (Men)"]
[Site "Moscow"]
[Date "1994.??.??"]
[Round "6"]
[White "Yang Xian"]
[Black "Ramos, Domingo"]
[Result "1-0"]
[WhiteElo "2420"]
[BlackElo "2335"]

1.e4 c5 2.Nf3 e6 3.d4 cxd4 4.Nxd4 a6 5.Nc3 Qc7 6.Be2 b5 7.O-O Bb7 8.Re1 b4
9.Nd5 exd5 10.exd5 Kd8 11.Bf3 d6 12.Bf4 Nd7 13.Nc6+ Bxc6 14.dxc6 Nc5 15.Qd5 Nf6
16.Qxc5 dxc5 17.Rad1+ Kc8 18.Bg4+ Kb8 19.Rd8+ Ka7 20.Rxa8+ Kxa8 21.Bxc7 Nxg4
22.Re8+ Ka7 23.Rb8  1-0

[Event "Moscow ol (Women)"]
[Site "Moscow"]
[Date "1994.??.??"]
[Round "7"]
[White "Cosma, Elena Luminita"]
[Black "Ioseliani, Nana"]
[Result "1/2-1/2"]
[WhiteElo "2320"]
[BlackElo "2435"]

1.e4 c5 2.Nf3 e6 3.Nc3 a6 4.d4 cxd4 5.Nxd4 Qc7 6.g3 Nf6 7.Bg2 Be7 8.O-O O-O
9.a4 Nc6 10.Nb3 d6 11.f4 b6 12.g4 Re8 13.g5 Nd7 14.Kh1 Bf8 15.Be3 Bb7 16.Bg1 g6
17.Qd2 Rad8 18.Rad1 Nb4 19.Nb1 Nc6 20.Nc3 Rb8 21.Nc1 Nc5 22.Nd3 Ba8 23.Nf2 h5
24.gxh6 Bxh6 25.Ng4 Bg7 26.f5 Ne5 27.fxg6 fxg6 28.Bxc5 dxc5 29.Qg5 Nxg4 30.Qxg4 Kh7
31.Qh4+ Kg8 32.Qg4 Kh7 33.Qh4+ Kg8 34.Qg4  1/2-1/2

[Event "Moscow ol (Men)"]
[Site "Moscow"]
[Date "1994.??.??"]
[Round "8"]
[White "Al Hantouli, Firas"]
[Black "Ramos, Domingo"]
[Result "0-1"]
[WhiteElo "2205"]
[BlackElo "2335"]

1.e4 c5 2.Nf3 e6 3.d4 cxd4 4.Nxd4 a6 5.Nc3 Qc7 6.Be2 b5 7.a3 Bb7 8.O-O Nf6
9.Bf3 Nc6 10.Nxc6 dxc6 11.Bg5 Nd7 12.g3 Bc5 13.b4 Bd6 14.Qd2 c5 15.Rad1 Be5
16.bxc5 Nxc5 17.Bf4 O-O 18.Bxe5 Qxe5 19.Qd4 Qc7 20.Qd6 Rac8 21.Qxc7 Rxc7
22.Rd2 Nd7 23.Bg2 Rfc8 24.Rfd1 Nf8 25.Na2 Rxc2 26.Rxc2 Rxc2 27.Nb4 Rc3 28.e5 Bxg2
29.Kxg2 a5 30.Nd3 g5 31.a4 b4 32.Kf1 Ng6  0-1

[Event "Moscow ol (Men)"]
[Site "Moscow"]
[Date "1994.??.??"]
[Round "10"]
[White "Peng Xiaomin"]
[Black "Dizdarevic, Emir"]
[Result "0-1"]
[WhiteElo "2480"]
[BlackElo "2495"]

1.e4 c5 2.Nf3 e6 3.d4 cxd4 4.Nxd4 a6 5.Nc3 Qc7 6.g3 Bb4 7.Ne2 Be7 8.Bg2 Nc6
9.O-O Nf6 10.a4 Rb8 11.h3 O-O 12.g4 d6 13.g5 Nd7 14.f4 Re8 15.f5 Bf8 16.Nf4 Nde5
17.Qh5 Bd7 18.Be3 b5 19.axb5 axb5 20.Kh1 b4 21.Nd1 Ra8 22.Rxa8 Rxa8 23.Nf2 Ra2
24.Ng4 Qc8 25.g6 fxg6 26.fxg6 h6 27.Nxh6+ gxh6 28.Nd5 exd5 29.Bxh6 Bg4 30.hxg4 Bxh6
31.Qxh6 Ra7 32.exd5 Nxg4 33.Qf4 Nce5 34.Be4 Qd8 35.Bf5 Kg7 36.Kg2 Nh6 37.Rh1 Nxf5
38.Rh7+ Kxg6 39.Rxa7 Qg8 40.Ra5 Kf6+ 41.Kf2 b3 42.Ra6 Qxd5  0-1

[Event "Moscow ol (Women)"]
[Site "Moscow"]
[Date "1994.??.??"]
[Round "12"]
[White "Batceceg, Cagaan"]
[Black "Koskoska, Gabriela"]
[Result "1/2-1/2"]
[WhiteElo "2205"]
[BlackElo "2155"]

1.e4 c5 2.Nc3 e6 3.Nf3 a6 4.d4 cxd4 5.Nxd4 Qc7 6.Bd3 Nf6 7.Qe2 Bb4 8.Bd2 Nc6
9.Nxc6 bxc6 10.e5 Nd5 11.Nxd5 Bxd2+ 12.Qxd2 cxd5 13.Qg5 O-O 14.O-O f6 15.exf6 Rxf6
16.Rae1 Qf4 17.Qxf4 Rxf4 18.g3 Rb4 19.b3 a5 20.f4 Ba6 21.Bxa6 Rxa6 22.f5 Rb8
23.Re2 Rc8 24.Rd1 Rac6 25.Rdd2 Kf7 26.Kf2 Kf6 27.fxe6 dxe6  1/2-1/2

[Event "Moscow ol (Women)"]
[Site "Moscow"]
[Date "1994.??.??"]
[Round "12"]
[White "Marinello, Beatriz M"]
[Black "Guzkowska, Magdalena"]
[Result "1/2-1/2"]
[WhiteElo "2220"]
[BlackElo "2165"]

1.e4 c5 2.Nf3 e6 3.d4 cxd4 4.Nxd4 a6 5.Nc3 Qc7 6.g3 Nf6 7.Bg2 Nc6 8.Nde2 d6
9.a4 Be7 10.O-O O-O 11.h3 Rb8 12.Be3 b6 13.Nf4 Ne5 14.Nd3 Nc4 15.Bc1 Nd7
16.b3 Bf6 17.Qe1 Nce5 18.Nxe5 Bxe5 19.Bb2 Bb7 20.Rc1 Rfc8 21.Nd1 b5 22.axb5 axb5
23.Bxe5 Nxe5 24.Qd2 b4 25.Ne3 Ba6 26.Rfd1 Rb6 27.Ra1 h6 28.Ra4 Qb7 29.f4 Ng6
30.e5 d5 31.f5 Nxe5 32.fxe6 Rxe6 33.Nxd5 Qb8 34.Rxb4 Qa7+ 35.Kh1 Qc5 36.c4 Rce8
37.Ra4 Bxc4 38.bxc4 Nxc4 39.Qd4 Re1+ 40.Kh2 Qxd4 41.Rxd4 Ne3 42.Nxe3 R1xe3
43.Re4 R8xe4 44.Rxe4 Rxe4 45.Bxe4 g6 46.Kg2 Kg7 47.Kf3 f5 48.Bc6 g5 49.Be8 Kf6
50.g4 Ke5 51.Bg6 f4 52.Ke2 Kd4 53.Kd2 Kc4 54.Bf7+ Kd4 55.Bg6 Kc4 56.Ke2 Kd4
57.Kf3 Ke5 58.Be8 Kd4 59.h4 Ke5 60.h5 Kd4 61.Ke2 Kc3 62.Bc6 Kc4 63.Kd2 Kd4
64.Bf3 Kc4 65.Be2+ Kd4 66.Bd3 Ke5 67.Ba6 Kd4 68.Bb7 Kc4 69.Bc6 Kd4 70.Bf3 Kc4
71.Bd1 Kd4 72.Bc2 Kc4 73.Bf5 Kd4 74.Bd3 Ke5  1/2-1/2

[Event "Moscow ol (Men)"]
[Site "Moscow"]
[Date "1994.??.??"]
[Round "12"]
[White "Kveinys, Aloyzas"]
[Black "Galego, Luis"]
[Result "1-0"]
[WhiteElo "2510"]
[BlackElo "2440"]

1.e4 c5 2.Nf3 e6 3.Nc3 a6 4.d4 cxd4 5.Nxd4 Qc7 6.g3 Nf6 7.Bg2 d6 8.O-O Be7
9.Qe2 O-O 10.Be3 Nbd7 11.f4 Nb6 12.Rad1 Nc4 13.Bc1 e5 14.Nb3 b5 15.f5 Bb7
16.g4 b4 17.Nd5 Nxd5 18.exd5 a5 19.g5 f6 20.g6 h6 21.Rf3 Rfc8 22.Rg3 Bf8
23.Kh1 Nb6 24.Be4 Qc4 25.Qf3 a4 26.Bxh6 gxh6 27.g7 Bxg7 28.Nd2 Qd4 29.Rdg1 Rc7
30.Qg2 Qxg1+ 31.Kxg1 Ra5 32.c4 bxc3 33.Rxc3 Rxc3 34.bxc3 Bxd5 35.Bxd5+ Rxd5
36.Ne4 Rd1+ 37.Kf2 Nd7 38.Qg6 Kf8 39.Ke2 Rh1 40.Nxd6 Rxh2+ 41.Kf1 Ke7 42.Nb7 Bf8
43.Qg8 Ke8 44.Qe6+ Be7 45.Nd6+ Kd8 46.Qg8+ Bf8 47.Ne4 Kc7 48.Qf7 Kc6 49.Qc4+ Nc5
50.Nxf6 Rd2 51.Ne4 Rh2 52.Nf2 Bd6 53.Nd3 a3 54.Nb4+ Kc7 55.f6 e4 56.Qd5 Bf8
57.Qc6+  1-0

[Event "New York Murphy-ACF2"]
[Site "New York"]
[Date "1994.??.??"]
[Round "?"]
[White "Klovsky, Rafail"]
[Black "Bonin, Jay R"]
[Result "1/2-1/2"]
[WhiteElo "2375"]
[BlackElo "2380"]

1.e4 e6 2.Nc3 c5 3.Nf3 a6 4.d4 cxd4 5.Nxd4 Qc7 6.g3 Bb4 7.Ne2 Nc6 8.Bg2 Nge7
9.O-O Bc5 10.Nf4 O-O 11.Kh1 d6 12.Nd3 Ba7 13.f4 f5 14.exf5 exf5 15.Re1 Bd7
16.Be3 Bxe3 17.Rxe3 Be8 18.Nd5 Nxd5 19.Bxd5+ Bf7 20.Bxf7+ Qxf7 21.Qf3 Rae8
22.Rxe8 Rxe8 23.c3 Qc4 24.a3 Qb3 25.Rf1 g6 26.Rf2 Kg7 27.Kg2 Na5 28.Nb4 Re4
29.g4 Qe6 30.gxf5 Qxf5 31.Nc2 d5 32.Nd4 Qf6 33.Re2 Rxe2+  1/2-1/2

[Event "New York op"]
[Site "New York"]
[Date "1994.??.??"]
[Round "1"]
[White "Meeres, Mark"]
[Black "Gurevich, Ilya"]
[Result "0-1"]
[WhiteElo "2300"]
[BlackElo "2585"]

1.e4 c5 2.Nf3 e6 3.d4 cxd4 4.Nxd4 a6 5.Nc3 Qc7 6.Be2 b5 7.a3 Bb7 8.O-O Nf6
9.Bf3 d6 10.Bg5 Nbd7 11.Re1 Be7 12.a4 b4 13.Na2 O-O 14.Nxb4 d5 15.c3 dxe4
16.Be2 Nc5 17.a5 Ng4 18.Bxg4 Bxg5 19.Bh3 Rfd8 20.Qg4 h6 21.Rad1 Rd7 22.g3 Qxa5
23.Nbc6 Qc7 24.Ne5 Qxe5 25.f4 Qd5 26.Nxe6 Qxe6 27.Rxd7 Qxg4 28.Bxg4 Nxd7
29.Bxd7 Be7 30.Bf5 Re8 31.Kf1 Bc5 32.Ra1 Rd8 33.Ra5 Bb6 34.Re5 e3 35.Ke1 Bf3
36.Bc2 e2  0-1